00504 a2200109 4500082001200000100001700012245015600029260008100185300003100266500004000297856005700337 aMS-IT-8 aAbid Hussain aLow data rate and energy efficient radio frequency jamming attack considering the effect of data rate and packet size in 802.11b networkscAbid Hussain aIslamabad:bNUST School of Electrical Engineering & Computer Science,c2010. ax, 51 p. :bill. ;c27 cm. aSupervisor : Dr. Nazar Abbas Saqib. uhttp://10.250.8.41:8080/xmlui/handle/123456789/31251